Aging and the life course : an introduction to social gerontology (Record no. 364791)

MARC details
000 -LEADER
fixed length control field 00635nam a2200205Ia 4500
008 - FIXED-LENGTH DATA ELEMENTS--GENERAL INFORMATION
fixed length control field 191130s2008##################000#0#eng##
020 ## - INTERNATIONAL STANDARD BOOK NUMBER
ISBN 9780073052700
082 ## - DEWEY DECIMAL CLASSIFICATION NUMBER
Classification number 305.26 QUA
100 ## - MAIN ENTRY--AUTHOR NAME
Personal name Quadagno, Jill S
245 ## - TITLE STATEMENT
Title Aging and the life course : an introduction to social gerontology
Statement of responsibility, etc Jill Quadagno
250 ## - EDITION STATEMENT
Edition statement 4th ed
260 ## - PUBLICATION, DISTRIBUTION, ETC. (IMPRINT)
Place of publication New York
Name of publisher McGraw-Hill
Year of publication c2008
300 ## - PHYSICAL DESCRIPTION
Number of Pages xviii, 521 p. : ill. ; 24 cm
500 ## - GENERAL NOTE
General note Includes bibliographical references (p. 439-482) and indexes
650 ## - SUBJECT ADDED ENTRY--TOPICAL TERM
Topical Term Gerontology
991 ## -
-- 211487
Holdings
Withdrawn status Lost status Damaged status Not for loan Home library Current library Shelving location Date acquired Full call number Accession Number Price effective from Koha item type
        Anna Centenary Library Anna Centenary Library 3RD FLOOR, B WING 17.10.2020 305.26 QUA 489827 17.10.2020 English Books

Find us on the map